Translations of Security : A Framework for the Study of Unwanted Futures.

Bibliographic Details
Main Author: Villumsen Berling, Trine.
Other Authors: Gad, Ulrik Pram., Lund Petersen, Karen., Wæver, Ole.
Format: eBook
Language:English
Published: Milton : Taylor & Francis Group, 2021.
Edition:1st ed.
Series:Routledge New Security Studies
Subjects:
Online Access:Click to View
LEADER 01663nam a22004213i 4500
001 EBC7245535
003 MiAaPQ
005 20231204023229.0
006 m o d |
007 cr cnu||||||||
008 231204s2021 xx o ||||0 eng d
020 |a 9781000452228  |q (electronic bk.) 
020 |z 9781032007090 
035 |a (MiAaPQ)EBC7245535 
035 |a (Au-PeEL)EBL7245535 
035 |a (OCoLC)1378933999 
040 |a MiAaPQ  |b eng  |e rda  |e pn  |c MiAaPQ  |d MiAaPQ 
100 1 |a Villumsen Berling, Trine. 
245 1 0 |a Translations of Security :  |b A Framework for the Study of Unwanted Futures. 
250 |a 1st ed. 
264 1 |a Milton :  |b Taylor & Francis Group,  |c 2021. 
264 4 |c ©2022. 
300 |a 1 online resource (235 pages) 
336 |a text  |b txt  |2 rdacontent 
337 |a computer  |b c  |2 rdamedia 
338 |a online resource  |b cr  |2 rdacarrier 
490 1 |a Routledge New Security Studies 
588 |a Description based on publisher supplied metadata and other sources. 
590 |a Electronic reproduction. Ann Arbor, Michigan : ProQuest Ebook Central, 2023. Available via World Wide Web. Access may be limited to ProQuest Ebook Central affiliated libraries.  
655 4 |a Electronic books. 
700 1 |a Gad, Ulrik Pram. 
700 1 |a Lund Petersen, Karen. 
700 1 |a Wæver, Ole. 
700 1 |a Wæver, Ole. 
776 0 8 |i Print version:  |a Villumsen Berling, Trine  |t Translations of Security  |d Milton : Taylor & Francis Group,c2021  |z 9781032007090 
797 2 |a ProQuest (Firm) 
830 0 |a Routledge New Security Studies 
856 4 0 |u https://ebookcentral.proquest.com/lib/matrademy/detail.action?docID=7245535  |z Click to View